| 000 | 00752nam a2200181 a 4500 | ||
|---|---|---|---|
| 008 | 160511s2006 ||||||||||||||||| || u | ||
| 020 | _a9781583214084 | ||
| 050 | _aTD 491 Wat | ||
| 110 | _aThe American Waterworks Association | ||
| 245 | 1 | 0 |
_aWater chlorination/chloramination practices and principles. (2nd ed.) _cBy American Water works Association |
| 250 | _a2nd ed. | ||
| 260 |
_aDenver _bAmerican Waterworks Association _c2006 |
||
| 300 | _axiv, 173p.: ill. | ||
| 350 | _a130.00 | ||
| 650 | _aWATER--PURIFICATION--CHLORINATION | ||
| 650 | _aWATER--PURIFICATION--CHLORAMINATION | ||
| 995 |
_FCBU-MAIN LIBRARY (Kitwe) _I130.00 _M1 _UAVAILABLE _WMay 13, 2016 _ZMain Library Open Access Collection |
||
| 999 |
_c61466 _d61466 |
||